Inmunología de Janeway (Registro nro. 22101)

Detalles MARC
000 -Cabecera
Campo de control interno 00884nam a2200277Ia 4500
005 - Fecha y hora del registro
control field 20260416140012.0
008 - Elementos de Longitud Fija
fixed length control field 260320s9999||||xx |||||||||||||| ||und||
020 ## - ISBN
ISBN 9786074487671
041 ## - Idioma
Codigo Idioma ESP
082 ## - DEWEY y NOTACIÓN INTERNA
Dewey 616.079
Notación Interna M97
100 ## - AUTOR
Autor denominación Murphy, Kenneth,
Término de relación autor
245 #0 - TÍTULO DE MATERIAL BIBLIOGRÁFICO
Título Inmunología de Janeway
246 ## - TÍTULO TRADUCIDO
Título Janeway's immunobiology
250 ## - EDICIÓN
Edición Primera edición
260 ## - CIUDAD, EDITORIAL, AÑO
Ciudad Ciudad de México :
Nombre de la Editorial Manual Moderno,
Año 2019
300 ## - DESCRIPCIÓN
N° Páginas xx, 803 páginas :
Otros detalles figuras ;
Dimensiones 28 cm.
650 ## - TEMAS
Temas Ciencias Sociales
653 ## - DESCRIPTORES
Lenguajes no controlado Medicina; Enfermedades; Inmunología
654 ## - PROGRAMAS
Programa Dpto. de Ciencias de la Salud
700 ## - OTROS AUTORES
Otros autores Weaver, Casey
Termino Relacionado autor
700 ## - OTROS AUTORES
Otros autores Mowat, Allan
Termino Relacionado autor
700 ## - OTROS AUTORES
Otros autores Berg, Geslie
Termino Relacionado autor
856 ## - URL - UBICACIÓN
URI/URL: Enlace exacto del recurso <a href="https://0u216rxm3-y-https-accessmedicina-mhmedical-com.itmsp.museknowledge.com/">https://0u216rxm3-y-https-accessmedicina-mhmedical-com.itmsp.museknowledge.com/</a>
Nota pública: Versión digital <a href="Véase además: Base de datos McGraw Hill Access Medicina">Véase además: Base de datos McGraw Hill Access Medicina</a>
942 ## - ELEMENTOS DE KOHA
Tipo de documento Libro
Nombre del creador Justo Noguera
Código de catalogador Tania Ramirez
Esquema de clasificación Dewey Decimal Classification
Existencias
Codigo completo Registro Colección Copia número Disponibilidad Tipo de préstamo Biblioteca Actual Procedencia (Biblioteca) Ubicacón Fecha Ingreso Tipo de Adquisición Observación Date last seen Total checkouts Price effective from Tipo de Item Estado del Material Fuente de Clasificación Damaged status Withdrawn status
616.079 M97 1088047 Universidad Católica San Pablo 1 No disponible Proceso Víctor Andrés Belaunde Víctor Andrés Belaunde Planta baja abierta 10/03/2026 Compra Medicina 20/03/2026   20/03/2026 Libro Bueno Dewey Decimal Classification   Withdrawn